000 00505nam a2200181Ia 4500
005 20250508150914.0
008 008 250505s9999 xx 000 0 eng d
037 _aTextual
040 _aFEDL
_beng
_cFEDL
041 _aeng
_2eng
084 _a320.157, RUS
_qFEDL
100 _aRussell Bertrand
245 0 _aPower : A new social analysis
260 _aLondon, UK
_bGeorge Allen and Unwin Ltd.
_c1946
300 _a328p.
942 _cTEXL
_h320.157, RUS
999 _c1326397
_d1326397